00282nam a2200097 45000820011000001000018000112450065000292600062000943000010001567000018001660 a225.5 1 aGrudem, Wayne10aWhat's wrong with gender-neutral translations?cWayne Grudem aIllinoisbCouncil On Biblical Manhood and Womanhoodc1997 a31 p.1 aGrudem, Wayne